000 00709nam a2200241 a 4500
001 BRCA_4139
005 20190320204546.0
008 150410s1861----enk#######---#000-0#eng-#
041 _aeng
044 _aenk
050 4 _aF1213
_b.R89 1 1861
100 1 _aRuxton, George Frederick Augustus
_d1820-1848
_910683
245 1 0 _aAdventures in Mexico and the Rocky Mountains
_cGeorge Frederick Augustus Ruxton.
260 _aLondres
_bJ. Murray
_c1861
300 _avii, 332 p.
_c18 cm.
500 _aEjemplar igual a CEF37
500 _aC168
650 1 4 _aViajeros ingleses
_97018
650 1 4 _aMontañas rocosas
_910684
651 4 _aMéxico
_xDescripción y viajes
_9103
902 _aGFM
942 _2lcc
_cB
999 _c3855
_d3855